|
|
|
|
| LEADER |
00000nab a2200000 a 4500 |
| 001 |
vtls001004806 |
| 003 |
SK-MaSNL |
| 005 |
20260303201004.0 |
| 008 |
040720e19980902xo 0 slo |
| 035 |
|
|
|a RV5406
|
| 040 |
|
|
|a RVGKPD
|b slo
|c RVGKPD
|e AACR2
|
| 041 |
0 |
|
|a slo
|
| 044 |
|
|
|a xo
|c SK
|
| 080 |
|
|
|a 329(437.6)
|2 1981
|
| 080 |
|
|
|a 323.23
|2 1981
|
| 100 |
0 |
|
|a (Rši)
|4 aut
|9 1024582
|
| 245 |
1 |
0 |
|a SOP: Povedzme si pravdu!
|
| 300 |
|
|
|b 1 foto
|
| 518 |
|
|
|a 26.08.1998
|
| 610 |
2 |
7 |
|a Strana občianskeho porozumenia
|2 RVGKPD
|9 232588
|
| 650 |
0 |
7 |
|a mítingy
|2 RVGKPD
|9 883064
|
| 651 |
|
7 |
|a Rožňava (Slovensko)
|2 RVGKPD
|9 17394
|
| 773 |
0 |
8 |
|t Zora Gemera
|g Roč. 6, č.35, 2.9.1998, s. 2
|
| 852 |
|
|
|a ZVYKNI
|b KIS3GCP
|
| 999 |
|
|
|c 2170992
|d 2172922
|